• 首页
  • 本馆介绍
  • 公告通知
  • 最新文献
  • 馆藏检索
  • 电子资源
  • 读者导购
  • 参考咨询
  • 我的图书馆
  • 登录
  • 详细信息显示
  • 放入我的书架
  • 预约/预借图书
  • 作者相关作品
  • 分类相关作品
  • 丛书相关作品
  • 出版社相关作品

书目信息

  • 表格格式
  • 工作单格式
  • 卡片格式
题名:
李流芳集
    
 
作者: 李流芳, 撰 ;李柯 辑校
分册:  
出版信息: 杭州   浙江人民美術出版社  2019.12
页数: 15, 24, 362页
开本: 21cm
丛书名: 藝術文獻集成
单 册:
中图分类: I222.748 , I264.8
科图分类:
主题词: 古典诗歌--gu dian shi ge--诗集--中国--明代 , 古典散文--gu dian san wen--散文集--中国--明代
电子资源:
ISBN: 978-7-5340-7474-5
000 01179nam 2200301 450
001 CAL 090266056
005 20230217093111.0
010    @a978-7-5340-7474-5@dCNY79.80
100    @a20191224d2019 em y0chiy0120 ea
101 0  @achi
102    @aCN@b330000
105    @ay z 000zy
106    @ar
200 1  @a李流芳集@Ali liu fang ji@f(明) 李流芳
210    @a杭州@c浙江人民美術出版社@d2019.12
215    @a15, 24, 362页@d21cm
225 2  @a藝術文獻集成@Ayi shu wen xian ji cheng
314    @a版权页题: 李柯輯校
330    @a本书整理以李流芳射自裒集, 版行最早, 当世衡见的崇祯原刻《檀园集》为底本, 校以清康熙间重刻本、《文渊阁四库全书》本, 并参校长蘅手稿《李流芳题画诗跋》、上海嘉定博物馆藏清嘉庆十九年 (一八一四) 嘉定张大有镌《四先生诗札》等。书中个别地方还校以长蘅传世书画或后世书画著录转引的自题诗跋等。
410  0 @12001 @a藝術文獻集成
606 0  @a古典诗歌@Agu dian shi ge@x诗集@y中国@z明代
606 0  @a古典散文@Agu dian san wen@x散文集@y中国@z明代
690    @aI222.748@v5
690    @aI264.8@v5
701  0 @a李流芳,@Ali liu fang@f1575-1629@4撰
702  0 @a李柯@Ali ke@4辑校
801  0 @aCN@bBJXHZP@c20230228
905    @b1399668-71@dI222.748@e859@f4
    
    李流芳集/(明) 李流芳.-杭州:浙江人民美術出版社,2019.12
    15, 24, 362页;21cm.-(藝術文獻集成)
    
    
    ISBN 978-7-5340-7474-5:CNY79.80
    本书整理以李流芳射自裒集, 版行最早, 当世衡见的崇祯原刻《檀园集》为底本, 校以清康熙间重刻本、《文渊阁四库全书》本, 并参校长蘅手稿《李流芳题画诗跋》、上海嘉定博物馆藏清嘉庆十九年 (一八一四) 嘉定张大有镌《四先生诗札》等。书中个别地方还校以长蘅传世书画或后世书画著录转引的自题诗跋等。
●
相关链接 在E读中查询图书 在五车中查询图书 在当当中查询图书 在豆瓣中查询图书


正题名:李流芳集     索取号:I222.748/859         预约/预借

序号 登录号 条形码 馆藏地/架位号 状态 备注
1 1399668   213996684   第一样本阅览室/ [索取号:I222.748/859] 在馆    
2 1399669   213996693   第二借阅区/ [索取号:I222.748/859] 在馆    
3 1399670   213996700   第二借阅区/ [索取号:I222.748/859] 在馆    
4 1399671   213996719   第二借阅区/ [索取号:I222.748/859] 在馆    
唐山师范学院图书馆 欢迎您!
大连网信软件有限公司© 版权所有